00243pam a2200097 a 4500020000500000041000500005082001500010100002000025245006600045260003400111 c h a743.6bSTO aNolon Stacey . adogs and cats- learn to Draw step by StephTextual Documents a[s.l]:bWater foster ,c2009.